000 00293nam a22001217a 4500
020 _aNa
082 _222
_a338.954
100 _aNA
245 _aHS 801 enterprenurship development:
_b310 /
260 _aNew Delhi,
_bKhanna Publishers,
_cNA
300 _a96 p. ;
_bill. ;
_c29 cm.
942 _2ddc
_cMAG
999 _c307
_d307